000 00575nam a2200229Ia 4500
003 OSt
005 20220918231511.0
006 a|||||r|||| 00| 0
007 ta
008 220917b |||||||| |||| 00| 0 eng d
024 _a302,145
037 _cTextual
040 _aARTS
_cARTS
_beng
041 _2eng
_aeng
082 _aO158,3NDE,2, L7
100 _aDevachaudhury
_9154835
245 0 _aSakuntala
260 _c1977
650 _aASSAMESE LITERATURE
_911738
942 _hO158,3NDE,2, L7
_cTEXL
_2CC
999 _c291432
_d291432